Learning Resource and Development

Chitty chitty bang bang / (Record no. 21781)

MARC details
000 -LEADER
fixed length control field 00939cam a2200253Ia 4500
001 - CONTROL NUMBER
control field chittychittybang00flem
003 - CONTROL NUMBER IDENTIFIER
control field CaSfIA
005 - DATE AND TIME OF LATEST TRANSACTION
control field 20230525155050.0
007 - PHYSICAL DESCRIPTION FIXED FIELD--GENERAL INFORMATION
fixed length control field cr||||
008 - FIXED-LENGTH DATA ELEMENTS--GENERAL INFORMATION
fixed length control field 810828s1964 nyua j 000 1 eng d
040 ## - CATALOGING SOURCE
Original cataloging agency IUL
Transcribing agency IUL
Modifying agency OCLCG
-- OKM
-- CaSfIA
020 ## - INTERNATIONAL STANDARD BOOK NUMBER
Terms of availability $.75
035 ## - SYSTEM CONTROL NUMBER
System control number (OCoLC)7711447
050 #4 - LIBRARY OF CONGRESS CALL NUMBER
Classification number PZ7.F598
Item number Ch 1964b
100 1# - MAIN ENTRY--PERSONAL NAME
Personal name Fleming, Ian,
Dates associated with a name 1908-1964.
245 10 - TITLE STATEMENT
Title Chitty chitty bang bang /
Medium [electronic resource]
Statement of responsibility, etc. Ian Fleming ; illustrated by John Burningham.
250 ## - EDITION STATEMENT
Edition statement Starline ed.
260 ## - PUBLICATION, DISTRIBUTION, ETC.
Place of publication, distribution, etc. New York :
Name of publisher, distributor, etc. Scholastic Book Services,
Date of publication, distribution, etc. c1964
Date of manufacture (1969 printing)
300 ## - PHYSICAL DESCRIPTION
Extent 155 p. :
Other physical details ill. ;
Dimensions 18 cm.
500 ## - GENERAL NOTE
General note "T 3705."
650 #0 - SUBJECT ADDED ENTRY--TOPICAL TERM
Topical term or geographic name entry element Automobiles
Form subdivision Juvenile fiction.
856 41 - ELECTRONIC LOCATION AND ACCESS
Uniform Resource Identifier <a href="http://www.archive.org/details/chittychittybang00flem">http://www.archive.org/details/chittychittybang00flem</a>
Public note Free eBook from the Internet Archive
856 42 - ELECTRONIC LOCATION AND ACCESS
Uniform Resource Identifier <a href="http://www.openlibrary.org/books/OL24203289M">http://www.openlibrary.org/books/OL24203289M</a>
Public note Additional information and access via Open Library
Holdings
Withdrawn status Lost status Damaged status Not for loan Collection Home library Current library Date acquired Total Checkouts Date last seen Price effective from Koha item type
        Project Gutenberg Main Library Main Library 05/25/2023   05/25/2023 05/25/2023 EBooks